000 00799nam a2200229 a 4500
001 000080837
005 20200120224401.0
008 161101s2014 ck ||||g||||| 001 ||spa d
020 _a9789587341577
041 _a+spa
043 _as-ck---
082 0 4 _a303.60986
_bP74
_221
245 0 0 _aPrimer informe al Congreso de la República 2013 - 2014. :
_bresumen ejecutivo. Comisión de Seguimiento y Monitoreo al cumplimiento de la Ley 1448 de 2011.
250 _a1a. ed
260 _aBogotá :
_bIEMP,
_c2014.
300 _a92 páginas
_e1 Cd. Rom
500 _aIncluye índice
650 1 4 _aVíctimas de la violencia
_zColombia
650 2 4 _aRestitución de tierras
_zColombia
_vLegislación
650 2 7 _aJusticia social
_zColombia
_2LEMB
650 2 4 _aJusticia restaurativa
_zColombia
_vLegislación
999 _c9253
_d9253